Grecia : (Record no. 75874)
[ view plain ]
| 000 -LEADER | |
|---|---|
| campo de control de longitud fija | 00810nam a2200241 i 4500 |
| 001 - NÚMERO DE CONTROL | |
| campo de control | 75874 |
| 003 - IDENTIFICADOR DE NÚMERO DE CONTROL | |
| campo de control | ES-MaACL |
| 005 - FECHA Y HORA DE LA ÚLTIMA TRANSACCIÓN | |
| campo de control | 20250831121908.0 |
| 007 - CAMPO FIJO DE DESCRIPCIÓN FÍSICA--INFORMACIÓN GENERAL | |
| campo de control de longitud fija | t| |
| 008 - DATOS DE LONGITUD FIJA--INFORMACIÓN GENERAL | |
| campo de control de longitud fija | 040928s1972 sp ||||1| spa d |
| 080 ## - NÚMERO DE LA CLASIFICACIÓN DECIMAL UNIVERSAL | |
| Número de la Clasificación Decimal Universal | 938 |
| 100 1# - ENTRADA PRINCIPAL--NOMBRE DE PERSONA | |
| Nombre de persona | Grimberg, Carl. |
| 9 (RLIN) | 60053 |
| 245 10 - MENCIÓN DEL TÍTULO | |
| Título | Grecia : |
| Resto del título | de la cultura minoica a la Italia prerromana / |
| Mención de responsabilidad, etc. | Carl Grimberg ; [revisión y adaptación, bajo la dirección de M. Tamayo]. |
| 250 ## - MENCION DE EDICION | |
| Mención de edición | 1ª ed. |
| 260 ## - PUBLICACIÓN, DISTRIBUCIÓN, ETC. | |
| Lugar de publicación, distribución, etc. | Madrid : |
| Nombre del editor, distribuidor, etc. | Daimon, |
| Fecha de publicación, distribución, etc. | 1972. |
| 300 ## - DESCRIPCIÓN FÍSICA | |
| Extensión | 380 p., [16] h. de lám. col. y n. : |
| Otras características físicas | il. mapas ; |
| Dimensiones | 18 cm. |
| 490 1# - MENCIÓN DE SERIE | |
| Mención de serie | Historia universal Daimon ; |
| Designación de volumen o secuencia | 2 |
| 651 #4 - PUNTO DE ACCESO ADICIONAL DE MATERIA--NOMBRE GEOGRÁFICO | |
| Nombre geográfico | Grecia- |
| Subdivisión general | Historia. |
| 9 (RLIN) | 8777 |
| 700 1# - ENTRADA AGREGADA--NOMBRE PERSONAL | |
| Nombre de persona | Tamayo, Manuel, |
| Fechas asociadas al nombre | 1917-1977 |
| 9 (RLIN) | 160966 |
| 830 1# - PUNTO DE ACCESO ADICIONAL DE SERIE-TÍTULO UNIFORME | |
| Título uniforme | Historia universal Daimon ; |
| Designación de volumen o secuencia | 2 |
| 9 (RLIN) | 231268 |
| 852 ## - LOCALIZACIÓN | |
| Ubicación | ES-MaACL |
| Número de control de estantería | C-50025 |
| Estatus retirado | Estado de pérdida | Estado de daño | No para préstamo | Biblioteca de origen | Biblioteca actual | Ubicación en estantería | Fecha de adquisición | Fuente de adquisición | Total de préstamos | Signatura topográfica completa | Código de barras | Visto por última vez | Precio de reemplazo | Tipo de ítem Koha |
|---|---|---|---|---|---|---|---|---|---|---|---|---|---|---|
| Biblioteca del Ateneo de Madrid | Biblioteca del Ateneo de Madrid | Depósito 2 | 17/01/2008 | C-50025 | 1079412 | 23/02/2023 | 23/02/2023 | Libro impreso |
